000 00952nas a2200289 4500
001 BR2012002379
003 BR-BrBNA
005 20231205120400.0
007 ta
008 230509b bl.|||p| |||| 00| 00por d
040 _aBR-BrBNA
_bpor
_cBiblioteca Nacional de Agricultura
041 _a(En)
072 _aF04; T01
100 1 _aTito, G.A.
100 1 _aChaves, L.H.G.
100 1 _aGuerra, H.O.C.
100 1 _aSoares, F.A.L.
245 1 _aPhytomass of beans and grain production as affected by zinc, copper and cadmium doses and bentonite application
650 _aVIGNA UNGUICULATA
650 _aMETAL PESADO
650 _aTOXIDEZ
650 _aARGILA
773 0 _tRevista Brasileira de Engenharia Agrícola e Ambiental (Brazil)
_xISSN 1807-1929
_g(Jul 2011), v.15(7) p. 665-669
_wBR2012002379
856 4 0 _uhttp://www.scielo.br/pdf/rbeaa/v15n7/v15n07a03.pdf
909 _a202311
_bLúcia
_c55
_dLúcia Elande
942 _2AGRIS
_n0
_cANA
999 _c218230
_d218230